01588nam a22003257a 450000500170000000800410001702000180005804100080007604400070008408200180009124501740010926000870028330000440037050400530041450500230046754600330049065000580052365000490058165000410063065000410067165000460071265000530075865000540081165100400086570000490090571000880095494200180104299900150106095201870107520170615020002.0010620m20139999ck ab frb 001 0 spa d a9789587615067 aspa ack04a574.52bC718c00aColombia diversidad biótica XIII : bComplejo cenagoso Zapatosa y ciénagas del Sur del Cesar - biodiversidad, conservación y manejo :ceditor J. Orlando Rangel Ch. aBogotábUniversidad Nacional de Colombia. Instituto de Ciencias Naturales.c2013 a707 p.bil., mapas.c25 cm. +e7 mapas  aIncluye referencias bibliográficas e índices aAspectos Físicos aCon resúmenes en inglés.17aDiversidad biológicazCesar (Dpt. Colombia).92625717aBiodiversidadzCesar (Dpt. Colombia).92625817aFlorazCesar (Dpt. Colombia).92625917aFaunazCesar (Dpt. Colombia).92626017aEcologíazCesar (Dpt. Colombia).92626117aBatimetíaz Región Caribe (Colombia).92626217aLimnologíaz Región Caribe (Colombia).926263 4aColombiazCiénaga Zapatosa9262641 aRangel Churio, Jesús O.d1950-eed.9262652 aUniversidad Nacional de Colombia (Bogotá)bInstituto de Ciencias Naturales926266 2ddccLIBRO03 c8645d8645 00102ddc40708GENERALIINV2017aBogotabBogotad2014-08-30eInstitutog39000.00l4oLB-574.52 C718cp038290r2018-05-03 00:00:00s2018-05-03tV. 13 Ej. 1w2014-08-30xCanjeyLIBRO